000 00958nam a2200277 c 4500
999 _c188455
_d188455
003 BLK
005 20230411161021.0
008 180411b bul|||||r ||||||| ||bul||
010 _aKNG00197473000
040 _aBLK
041 _aBUL
_cBUL
080 _aБългарска литература
_b821.163.2
_x-4
_z821.163.2-4
100 _91299
_aХайтов, Николай Александров
_d1919-2002
_eпърви автор
139 _aХайтов, Николай Александров
_bХ 21
245 1 0 _aСветогорски записки
_bПътепис
_cНиколай Александров Хайтов.
257 _aBGR
260 _aПловдив
_bХристо Г. Данов
_c1987
300 _a168 с.
_c21 см
380 _aX
500 _a40 137 тир
852 _aЦб 151313
856 4 _qpdf
_i0.00
_ldisable
856 4 _qpdf
_i0.00
_ldisable
942 _cKNG
_n0
_s1
944 _aCR
_c06.12.2016
_kГрета_Цуфелде
944 _aED
_c06.12.2016
_kГрета_Цуфелде
944 _aED
_c2020-05-21
_kВ. Р.
_bинв. № 502910 - изтеглен от подръчен; екз. получава инв. № по депозит; тоест прилят.
999 _d188455
999 _d188455